Much ado about nothing / (Record no. 238)
[ view plain ]
| 000 -LEADER | |
|---|---|
| fixed length control field | 00807nam a2200193 4500 |
| 001 - CONTROL NUMBER | |
| control field | 268 |
| 005 - DATE AND TIME OF LATEST TRANSACTION | |
| control field | 20181127161037.0 |
| 020 00 - INTERNATIONAL STANDARD BOOK NUMBER | |
| International Standard Book Number | 8174762426 |
| 090 00 - LOCALLY ASSIGNED LC-TYPE CALL NUMBER (OCLC); LOCAL CALL NUMBER (RLIN) | |
| Classification number (OCLC) (R) ; Classification number, CALL (RLIN) (NR) | 822.33 Q1 2006 |
| 100 00 - MAIN ENTRY--PERSONAL NAME | |
| Personal name | Shakespeare, William. |
| 245 00 - TITLE STATEMENT | |
| Title | Much ado about nothing / |
| Remainder of title | |
| Statement of responsibility, etc. | William Shakespeare. |
| Medium | |
| 260 00 - PUBLICATION, DISTRIBUTION, ETC. | |
| Place of publication, distribution, etc. | New Delhi : |
| Name of publisher, distributor, etc. | UBS Publishers' Distributors, |
| Date of publication, distribution, etc. | 2006. |
| 300 00 - PHYSICAL DESCRIPTION | |
| Extent | [ix], 361 p. |
| 500 00 - GENERAL NOTE | |
| General note | "Special edition with introduction, detailed notes, scene-wise summary, annotations and questions and answers by Praveen Bhatia" |
| 590 ## - LOCAL NOTE (RLIN) | |
| Local note | Electronic copy available on RTC Cloud in "Library" folder |
| 650 00 - SUBJECT ADDED ENTRY--TOPICAL TERM | |
| Topical term or geographic name entry element | Shakespeare, William, 1564-1616. Much ado about nothing. |
| General subdivision | |
| 700 ## - ADDED ENTRY--PERSONAL NAME | |
| Personal name | Bhatia, Praveen. |
| Numeration | |
| Titles and other words associated with a name | |
| Dates associated with a name | |
| Relator term | |
| Form subheading | |
| Language of a work | |
| Medium of performance for music | |
| Number of part/section of a work | |
| Arranged statement for music | |
| Name of part/section of a work | |
| Fuller form of name | |
| Key for music | |
| Version | |
| Title of a work | |
| 856 ## - ELECTRONIC LOCATION AND ACCESS | |
| Host name | |
| Uniform Resource Identifier | <a href="http://shakespeare.mit.edu/much_ado/index.html">http://shakespeare.mit.edu/much_ado/index.html</a> |
| Link text | Much ado about nothing |
| Public note | |
| Materials specified | |
| Withdrawn status | Lost status | Source of classification or shelving scheme | Damaged status | Not for loan | Collection code | Home library | Current library | Shelving location | Date acquired | Cost, normal purchase price | Serial Enumeration / chronology | Inventory number | Full call number | Barcode | Date last seen | Copy number | Price effective from | Koha item type |
|---|---|---|---|---|---|---|---|---|---|---|---|---|---|---|---|---|---|---|
| Dewey Decimal Classification | Main TEST | RTC Library | RTC Library | Main opac | 05/03/2022 | 100.00 | 2219 | 822.33 SHA | 30000329 | 27/11/2018 | 1 | 27/11/2018 | Main | |||||
| Dewey Decimal Classification | Main TEST | RTC Library | RTC Library | Main opac | 05/03/2022 | 100.00 | 2211 | 822.33 SHA | 30000140 | 27/11/2018 | 3 | 27/11/2018 | Main | |||||
| Dewey Decimal Classification | Main TEST | RTC Library | RTC Library | Main opac | 05/03/2022 | 100.00 | 2212 | 822.33 SHA | 30000090 | 27/11/2018 | 6 | 27/11/2018 | Main | |||||
| Dewey Decimal Classification | Main TEST | RTC Library | RTC Library | Main opac | 05/03/2022 | 100.00 | 2217 | 822.33 SHA | 30002575 | 27/11/2018 | 2 | 27/11/2018 | Main | |||||
| Dewey Decimal Classification | Main TEST | RTC Library | RTC Library | Main opac | 05/03/2022 | 100.00 | 2216 | 822.33 SHA | 30000120 | 27/11/2018 | 4 | 27/11/2018 | Main | |||||
| Dewey Decimal Classification | Main TEST | RTC Library | RTC Library | Main opac | 05/03/2022 | 4348 | 822.33 SHA | 30000105 | 27/11/2018 | 7 | 27/11/2018 | Main |